Loading...
Understanding NMR spectroscopy
| Main Author: | |
|---|---|
| Format: | Printed Book |
| Language: | English |
| Subjects: |
| LEADER | 00499nam a22001577a 4500 | ||
|---|---|---|---|
| 005 | 20160323130450.0 | ||
| 008 | 100513t xxu||||| |||| 00| 0 eng d | ||
| 082 | |a 543.66 |b KEE | ||
| 100 | |a Keeler , James |9 7102 | ||
| 245 | |a Understanding NMR spectroscopy | ||
| 300 | |a xv, 459p. | ||
| 653 | |a NMR spectroscopy | ||
| 942 | |c BK |6 _ | ||
| 020 | |a 9780470017869 | ||
| 999 | |c 158245 |d 158245 | ||
| 952 | |0 0 |1 0 |2 ddc |4 0 |6 54366_KEE |7 0 |9 207218 |a DAC |b DAC |d 2010-05-13 |l 1 |o 543.66 KEE |p CHE3750 |r 2011-11-21 |s 2011-07-06 |w 2010-05-13 |y BK | ||